00343 2200145 4500245005300000250001100053100002900064650001600093650001400109005001900123260001800142041001400160084001400174336000900188 aPotongan SayurancAlbianca Sabeeka LaurenshText aCet. 1 aAlbianca Sabeeka Laurens aKarya Siswa aScrapbook a20250526101555 aJakartac2025 aIndonesia a081 ALB p atext